000 00595nam a2200241Ia 4500
003 OSt
005 20221005121144.0
006 a|||||r|||| 00| 0
007 ta
008 221004b |||||||| |||| 00| 0 mar d
024 _a40392
037 _cTextual
040 _aCRL
_cCRL
_bmar
041 _2mar
_amar
082 _aR65,6:g, 155J3
100 _aKarandikar J.S.
_9630171
245 0 _aGitatavamanjari
260 _c1953
300 _a880p.
_ccm.
650 _aBHAGAVAD GITA
942 _hR65,6:g, 155J3
_cTEXL
_2cc
999 _c1040292
_d1040292